Managerial Economics (Record no. 38753)

MARC details
000 -LEADER
fixed length control field 00400nam a2200169Ia 4500
008 - FIXED-LENGTH DATA ELEMENTS--GENERAL INFORMATION
fixed length control field 230524s9999 xx 000 0 und d
020 ## - INTERNATIONAL STANDARD BOOK NUMBER
ISBN 9788120327313
082 ## - DEWEY DECIMAL CLASSIFICATION NUMBER
Classification number 331.714
Item number MAH
100 ## - MAIN ENTRY--AUTHOR NAME
Personal name Yogesh Maheshwari
245 #0 - TITLE STATEMENT
Title Managerial Economics
250 ## - EDITION STATEMENT
Edition statement 2ND
260 ## - PUBLICATION, DISTRIBUTION, ETC. (IMPRINT)
Place of publication NEW DELHI
Name of publisher PHI
Year of publication 2007
300 ## - PHYSICAL DESCRIPTION
Number of Pages X;284
500 ## - GENERAL NOTE
General note Quantity Number: 7
650 ## - SUBJECT ADDED ENTRY--TOPICAL TERM
Topical Term Economics
942 ## - ADDED ENTRY ELEMENTS (KOHA)
Koha item type Books
Holdings
Lost status Damaged status Permanent Location Current Location Shelving location Date acquired Full call number Accession Number Koha item type
    Central Library, Trident Academy of Technology Central Library, Trident Academy of Technology General Stacks 05/24/2023 331.714 MAH 24393 Books
    Central Library, Trident Academy of Technology Central Library, Trident Academy of Technology General Stacks 05/24/2023 331.714 MAH 24394 Books
    Central Library, Trident Academy of Technology Central Library, Trident Academy of Technology General Stacks 05/24/2023 331.714 MAH 24395 Books
    Central Library, Trident Academy of Technology Central Library, Trident Academy of Technology General Stacks 05/24/2023 331.714 MAH 24396 Books
    Central Library, Trident Academy of Technology Central Library, Trident Academy of Technology General Stacks 05/24/2023 331.714 MAH 24397 Books
    Central Library, Trident Academy of Technology Central Library, Trident Academy of Technology General Stacks 05/24/2023 331.714 MAH 24398 Books
    Central Library, Trident Academy of Technology Central Library, Trident Academy of Technology General Stacks 05/24/2023 331.714 MAH 24399 Books
Trident Academy of Technology © 2023.
All rights reserved.                                                                                                                                                                                                        Designed by Team of Central Library .

Powered by Koha